Les cahiers de Malte Laurids Brigge / (Record no. 127636)

MARC details
000 -LEADER
campo de control de longitud fija 00542nam a2200181 4500
001 - NÚMERO DE CONTROL
campo de control 127636
003 - IDENTIFICADOR DE NÚMERO DE CONTROL
campo de control ES-MaACL
005 - FECHA Y HORA DE LA ÚLTIMA TRANSACCIÓN
campo de control 20260426162625.0
007 - CAMPO FIJO DE DESCRIPCIÓN FÍSICA--INFORMACIÓN GENERAL
campo de control de longitud fija t|
008 - DATOS DE LONGITUD FIJA--INFORMACIÓN GENERAL
campo de control de longitud fija 070214s1926 fr r ||||1| fre d
100 1# - ENTRADA PRINCIPAL--NOMBRE DE PERSONA
Nombre de persona Rilke, Rainer Maria,
Fechas asociadas al nombre 1875-1926
9 (RLIN) 97230
245 14 - MENCIÓN DEL TÍTULO
Título Les cahiers de Malte Laurids Brigge /
Mención de responsabilidad, etc. Rainer Maria Rilke ; traduction de Maurice Betz.
260 ## - PUBLICACIÓN, DISTRIBUCIÓN, ETC.
Lugar de publicación, distribución, etc. Paris :
Nombre del editor, distribuidor, etc. [s.n.],
Fecha de publicación, distribución, etc. 1926 (
Fabricante Imp. Chaix)
300 ## - DESCRIPCIÓN FÍSICA
Extensión 377 p. ;
Dimensiones 19 cm.
700 1# - ENTRADA AGREGADA--NOMBRE PERSONAL
Nombre de persona Betz, Maurice.
9 (RLIN) 28695
852 ## - LOCALIZACIÓN
Ubicación ES-MaACL
Número de control de estantería A-3006
Holdings
Estatus retirado Estado de pérdida Estado de daño No para préstamo Biblioteca de origen Biblioteca actual Ubicación en estantería Fecha de adquisición Fuente de adquisición Total de préstamos Signatura topográfica completa Código de barras Visto por última vez Precio de reemplazo Tipo de ítem Koha
        Biblioteca del Ateneo de Madrid Biblioteca del Ateneo de Madrid Sala Pecera Planta 1 17/01/2008     A-3006 1132938 23/02/2023 23/02/2023 Libro impreso